Cien de las mejores poesías castellanas /

Guardado en:
Autor Principal: Henríquez Ureña, Pedro, Selec.
Formato: Libro
Publicado: Argentina : Kapelusz, 1958
Edición:3a. ed.
Materias:
Etiquetas: Agregar Etiqueta
Sin Etiquetas, Sea el primero en etiquetar este registro!
LEADER 00582nam a22002055a 4500
001 CEM.cems003208
005 20060221000000.0
008 130507s1958##################000#0#####d
003 CEMS
082 0 4 |a 868 
100 1 |a Henríquez Ureña, Pedro, Selec. 
245 1 0 |a Cien de las mejores poesías castellanas /  |c Max Henríquez Ureña 
250 |a 3a. ed. 
260 |a Argentina :  |b Kapelusz,  |c 1958 
300 |a 305 p. 
653 |a Antologias 
653 |a Literatura 
653 |a Poesias españolas 
653 |a Poesias 
859 |a CEMS  |b BIB. CEMS - 11 de abril  |h 868  |i H395a3  |p 9078.81  |t Ej.1